[Event "ARG-ch Amateur U2000"]
[Site "San Martin"]
[Date "2019.11.16"]
[Round "3.2"]
[White "Soria Milet, Facundo"]
[Black "Pollio, Carlos Eduardo"]
[Result "1/2-1/2"]
[WhiteElo "1980"]
[BlackElo "1864"]
[PlyCount "90"]
[EventDate "2019.11.15"]
[EventType "swiss"]
[EventRounds "8"]
[EventCountry "ARG"]
[SourceTitle "EXT 2024"]
[Source "ChessBase"]
[SourceDate "2023.10.10"]
[SourceVersion "1"]
[SourceVersionDate "2023.10.10"]
[SourceQuality "1"]

1. f4 d6 2. e4 g6 3. d4 Bg7 4. Nf3 c5 5. d5 Nf6 6. Nc3 0-0 7. Be2 a6 8. a4 e6 9. 0-0 exd5 10. exd5 b6 11. Ng5 Qc7 12. Bf3 Nbd7 13. g4 Rb8 14. Nh3 b5 15. g5 Ne8 16. axb5 axb5 17. Nf2 f5 18. Ne2 Nb6 19. h4 Qf7 20. Ra5 Nc4 21. Ra2 Nc7 22. b4 cxb4 23. Qd3 Re8 24. Nd4 Bd7 25. Ra7 Rec8 26. Nc6 Ra8 27. Rxa8 Rxa8 28. Nxb4 Re8 29. Bd2 Nxd2 30. Qxd2 Qe7 31. Nfd3 Qe3+ 32. Qxe3 Rxe3 33. Kg2 Bc3 34. Na2 Bd4 35. h5 Be8 36. h6 Bf7 37. Nab4 Bc3 38. Rb1 Kf8 39. Rb3 Bd4 40. Ra3 Ke8 41. Rb3 Kd7 42. Rb1 Bc3 43. Kf2 Bd4 44. Kg2 Bc3 45. Kf2 Bd4 1/2-1/2

[Event "ARG-ch Amateur U2000"]
[Site "San Martin"]
[Date "2019.11.15"]
[Round "2.3"]
[White "Pollio, Carlos Eduardo"]
[Black "Del Giudice, Juan Eduardo"]
[Result "1-0"]
[WhiteElo "1864"]
[BlackElo "1991"]
[PlyCount "85"]
[EventDate "2019.11.15"]
[EventType "swiss"]
[EventRounds "8"]
[EventCountry "ARG"]
[SourceTitle "EXT 2024"]
[Source "ChessBase"]
[SourceDate "2023.10.10"]
[SourceVersion "1"]
[SourceVersionDate "2023.10.10"]
[SourceQuality "1"]

1. d4 Nf6 2. Bf4 d6 3. Nc3 g6 4. Qd2 Bg7 5. Bh6 0-0 6. h4 c5 7. d5 e6 8. Bxg7 Kxg7 9. h5 Rh8 10. h6+ Kg8 11. e4 exd5 12. exd5 a6 13. a4 b6 14. Be2 Bb7 15. Bf3 Nbd7 16. Kf1 Ne5 17. Qf4 Nfd7 18. Ne4 Qe7 19. Rd1 b5 20. a5 f6 21. Be2 Rf8 22. Rh3 Bc8 23. Re3 Rf7 24. Qg3 Qf8 25. f4 Nc4 26. Bxc4 bxc4 27. Qh2 Re7 28. Rde1 Re8 29. Nf3 Bb7 30. Nc3 Rxe3 31. Rxe3 Qf7 32. Qh4 Kf8 33. Qe1 Rg8 34. Re6 g5 35. Rxd6 gxf4 36. Re6 Qh5 37. Qh4 Qxh4 38. Nxh4 Rg5 39. Ne4 Rxd5 40. Nd6 Rxd6 41. Rxd6 Ke8 42. Nf5 Be4 43. Re6+ 1-0

[Event "CHI-chT"]
[Site "Santiago de Chile"]
[Date "2019.09.12"]
[Round "2.4"]
[White "Pollio, Carlos Eduardo"]
[Black "Dumas Aviles, Mario"]
[Result "0-1"]
[WhiteElo "1879"]
[BlackElo "2046"]
[PlyCount "87"]
[EventDate "2019.09.05"]
[EventType "team-swiss"]
[EventRounds "9"]
[EventCountry "CHI"]
[SourceTitle "CBM 193 Extra"]
[Source "ChessBase"]
[SourceDate "2020.01.31"]
[SourceVersion "1"]
[SourceVersionDate "2020.01.31"]
[SourceQuality "1"]
[WhiteTeam "Nunoa CC"]
[BlackTeam "Traslavina Petshop"]
[WhiteTeamCountry "CHI"]
[BlackTeamCountry "CHI"]

1. d4 Nf6 2. Bf4 e6 3. Nd2 d5 4. e3 Bd6 5. Bg3 b6 6. Bd3 Bb7 7. Ngf3 c5 8. c3 Nc6 9. Ne5 Qc7 10. f4 0-0-0 11. Bh4 Rdf8 12. Qf3 Nd7 13. Bb5 f6 14. Nxd7 Qxd7 15. c4 Qe7 16. cxd5 Nb4 17. 0-0 Nxd5 18. e4 Bxf4 19. Nc4 Nc7 20. Qxf4 Nxb5 21. dxc5 g5 22. Qe3 gxh4 23. cxb6 Rhg8 24. a4 Qg7 25. Qc5+ Kb8 26. Rf2 Bxe4 27. axb5 axb6 28. Qxb6+ Qb7 29. Qd6+ Qc7 30. Qxc7+ Kxc7 31. b6+ Kc6 32. b7 h3 33. Rc1 Bd5 34. Na5+ Kb6 35. b4 Bxg2 36. Rd2 Bxb7+ 37. Kf1 Ba6+ 38. Nc4+ Bxc4+ 39. Rxc4 Rd8 40. Rdc2 Rd6 41. Rh4 Rd3 42. Rxh7 Rf3+ 43. Ke2 Rb3 44. Kd2 0-1

[Event "Pan American-ch U2000"]
[Site "Carilo Village"]
[Date "2016.10.26"]
[Round "3"]
[White "Lang, German"]
[Black "Pollio, Carlos Eduardo"]
[Result "0-1"]
[WhiteElo "1832"]
[BlackElo "1923"]
[PlyCount "150"]
[EventDate "2016.10.25"]
[EventType "swiss"]
[EventRounds "9"]
[EventCountry "ARG"]
[SourceTitle "EXT 2022"]
[Source "ChessBase"]
[SourceDate "2021.10.06"]
[SourceVersion "1"]
[SourceVersionDate "2021.10.06"]
[SourceQuality "1"]

1. e4 c5 2. Bc4 e6 3. Nf3 Nc6 4. d4 cxd4 5. Nxd4 Nf6 6. Nc3 Qc7 7. Ndb5 Qb8 8. a4 Be7 9. Bg5 a6 10. Na3 Qc7 11. 0-0 Ne5 12. Be2 b6 13. f4 Bc5+ 14. Kh1 Ng6 15. e5 Ng8 16. Ne4 h6 17. Nd6+ Bxd6 18. exd6 Qc5 19. f5 hxg5 20. fxg6 f5 21. Bf3 Rb8 22. g3 Nf6 23. Qe2 Bb7 24. Bxb7 Rxb7 25. Qg2 Rb8 26. Rf3 Ne4 27. Rd1 Qc6 28. Rd4 g4 29. Re3 Nf2+ 30. Kg1 Nh3+ 31. Kf1 Qxg2+ 32. Kxg2 Rh6 33. Nc4 Rxg6 34. Re5 Ng5 35. Nd2 Rc8 36. Rc4 Rd8 37. Rd4 Nf7 38. Re2 Rc8 39. Nc4 Rc6 40. b4 b5 41. axb5 axb5 42. Ne3 Kf8 43. Red2 Ne5 44. Rf2 Kg8 45. c4 bxc4 46. b5 Rb6 47. Rb2 c3 48. Rb3 Rh6 49. Ra4 Rxd6 50. Nf1 c2 51. Rc3 Nf3 52. Ra6 Rd5 53. Ra8+ Kf7 54. h4 Rxb5 55. Rac8 Rb2 56. Kh1 f4 57. Rxc2 Rxc2 58. Rxc2 fxg3 59. Rc4 Rxh4+ 60. Kg2 Ne5 61. Rf4+ Ke7 62. Kxg3 Rh1 63. Kg2 Rh8 64. Ne3 Rh4 65. Re4 d6 66. Kg3 g5 67. Ng2 Rh3+ 68. Kf2 Rf3+ 69. Ke2 Ra3 70. Rb4 Ra2+ 71. Kf1 Rf2+ 72. Kg1 g3 73. Rb7+ Kf6 74. Rb1 Nf3+ 75. Kh1 d5 0-1

[Event "Pan American-ch U2000"]
[Site "Carilo Village"]
[Date "2016.10.25"]
[Round "1"]
[White "Torres Chavez, Pablo"]
[Black "Pollio, Carlos Eduardo"]
[Result "0-1"]
[WhiteElo "1785"]
[BlackElo "1923"]
[PlyCount "64"]
[EventDate "2016.10.25"]
[EventType "swiss"]
[EventRounds "9"]
[EventCountry "ARG"]
[SourceTitle "EXT 2022"]
[Source "ChessBase"]
[SourceDate "2021.10.06"]
[SourceVersion "1"]
[SourceVersionDate "2021.10.06"]
[SourceQuality "1"]

1. e4 c5 2. Nf3 e6 3. d4 cxd4 4. Nxd4 a6 5. Nc3 Qc7 6. Bd2 b5 7. Bd3 Bb7 8. a3 Nc6 9. Nf3 Nf6 10. Qe2 Bc5 11. Be3 Be7 12. h3 h6 13. Rd1 g5 14. Qd2 Rd8 15. Nd4 d5 16. exd5 Nxd5 17. Nxd5 Rxd5 18. Qc3 Qe5 19. Nxc6 Qxc3+ 20. bxc3 Bxc6 21. 0-0 0-0 22. c4 bxc4 23. Bxc4 Ra5 24. h4 Ra4 25. Bd3 Rxh4 26. Bxa6 Ra4 27. Bd3 Rxa3 28. Rb1 Rc8 29. Rb6 Bd5 30. Rfb1 Kg7 31. Bd4+ Bf6 32. Bxf6+ Kxf6 0-1

[Event "ARG-ch sf U2300 Bibl Franklin"]
[Site "San Juan"]
[Date "2016.08.14"]
[Round "4.5"]
[White "Pollio, Carlos Eduardo"]
[Black "Aguilar Samper, Valentin"]
[Result "1-0"]
[WhiteElo "1919"]
[BlackElo "1521"]
[PlyCount "49"]
[EventDate "2016.08.13"]
[EventType "swiss"]
[EventRounds "7"]
[EventCountry "ARG"]
[SourceTitle "EXT 2024"]
[Source "ChessBase"]
[SourceDate "2023.10.10"]
[SourceVersion "1"]
[SourceVersionDate "2023.10.10"]
[SourceQuality "1"]

1. d4 Nf6 2. Bf4 c5 3. e3 cxd4 4. exd4 d6 5. c3 Nc6 6. Nf3 Bg4 7. Be2 e6 8. Nbd2 Be7 9. Nc4 Nh5 10. Bd2 Nf6 11. Ne3 Bh5 12. h3 Rb8 13. g4 Bg6 14. Nf1 h5 15. Rg1 hxg4 16. hxg4 b5 17. Be3 b4 18. c4 d5 19. Qa4 Qb6 20. c5 Qb7 21. Ne5 Nd7 22. Qxc6 Qxc6 23. Nxc6 Rb7 24. Nxe7 Kxe7 25. c6 1-0

[Event "CHI-chT"]
[Site "Santiago de Chile"]
[Date "2012.12.20"]
[Round "9"]
[White "Pollio, Carlos Eduardo"]
[Black "Montero Martinez, Cristian"]
[Result "0-1"]
[WhiteElo "1989"]
[BlackElo "2182"]
[PlyCount "134"]
[EventDate "2012.11.22"]
[EventType "team-tourn"]
[EventRounds "9"]
[EventCountry "CHI"]
[SourceTitle "EXT 2014"]
[Source "ChessBase"]
[SourceDate "2013.11.20"]
[SourceVersion "1"]
[SourceVersionDate "2013.11.20"]
[SourceQuality "1"]

1. d4 d5 2. Bf4 e6 3. Nf3 Bd6 4. Bg3 Nf6 5. Nbd2 Ne4 6. Nxe4 dxe4 7. Ne5 Bxe5 8. Bxe5 Nc6 9. Bxg7 Rg8 10. Bh6 Qxd4 11. c3 Qxd1+ 12. Rxd1 e5 13. g3 Be6 14. Bg2 f5 15. b3 a5 16. 0-0 a4 17. Bh3 axb3 18. axb3 Ra3 19. Rb1 Kf7 20. f3 f4 21. Bxe6+ Kxe6 22. fxe4 fxg3 23. Rb2 gxh2+ 24. Kxh2 Rg4 25. Rf3 Rxe4 26. Rh3 Rg4 27. Bf8 Ra8 28. Bc5 Rh8 29. Rh5 Kf6 30. Be3 h6 31. Rb1 Kg6 32. Rh3 h5 33. Rf1 e4 34. Ra1 Rf8 35. c4 h4 36. b4 Kh5 37. Bc5 Rfg8 38. b5 Ne5 39. Bd4 Nxc4 40. Rc3 Rg2+ 41. Kh1 R2g3 42. Rxg3 Rxg3 43. Rc1 Nd6 44. Rxc7 Nxb5 45. Rh7+ Kg6 46. Rg7+ Kf5 47. Rf7+ Ke6 48. Rf6+ Ke7 49. Be5 Rg5 50. Bb2 Kd7 51. Rf4 Nd6 52. Rxh4 b5 53. Ba3 Nf5 54. Rf4 Kc6 55. Kh2 Kd5 56. Kh3 Ke5 57. Bc1 Rg3+ 58. Kh2 Rc3 59. Rf1 Rc2 60. Bf4+ Kd4 61. Rf2 e3 62. Rg2 b4 63. Kh3 b3 64. Rg8 Rxe2 65. Rb8 b2 66. Kg4 Rf2 67. Bg5 Rg2+ 0-1

[Event "Santiago de Chile Nunoa CC IRT 1"]
[Site "Santiago de Chile"]
[Date "2012.07.13"]
[Round "4"]
[White "Pollio, Carlos Eduardo"]
[Black "Tomka, Damir"]
[Result "0-1"]
[WhiteElo "1954"]
[BlackElo "2032"]
[PlyCount "74"]
[EventDate "2012.07.03"]
[EventType "tourn"]
[EventRounds "7"]
[EventCountry "CHI"]
[SourceTitle "EXT 2013"]
[Source "ChessBase"]
[SourceDate "2012.11.22"]
[SourceVersion "1"]
[SourceVersionDate "2012.11.22"]
[SourceQuality "1"]

1. d4 Nf6 2. Bg5 Ne4 3. Bh4 g5 4. f3 gxh4 5. fxe4 c5 6. e3 Bh6 7. Kf2 Qb6 8. Nc3 e6 9. Nf3 Nc6 10. Na4 Qc7 11. Nxc5 b6 12. Nb3 Bb7 13. c3 Ne7 14. Bd3 h3 15. g3 f5 16. Nbd2 0-0 17. e5 Nd5 18. Nf1 Qc6 19. Rg1 Kh8 20. Qe2 Rf7 21. Bb5 Qc7 22. Ba6 Bc6 23. a4 Raf8 24. c4 Nb4 25. Bb5 Be4 26. c5 bxc5 27. Rc1 Qb7 28. Ke1 Bxf3 29. Qd2 a6 30. Rxc5 Nd5 31. Bc4 Nb6 32. Qb4 Rb8 33. Bd3 Nd5 34. Qxb7 Rxb7 35. Bxa6 Rxb2 36. Nd2 Rxd2 37. Rxd5 Bxe3 0-1

[Event "Santiago Endesa Classification"]
[Site "Santiago de Chile"]
[Date "2010.10.15"]
[Round "4"]
[White "Bombardiere Rosas, Eduardo"]
[Black "Pollio, Carlos Eduardo"]
[Result "1-0"]
[WhiteElo "2199"]
[BlackElo "1972"]
[PlyCount "81"]
[EventDate "2010.10.06"]
[EventType "swiss"]
[EventRounds "9"]
[EventCountry "CHI"]
[SourceTitle "EXT 2012"]
[Source "ChessBase"]
[SourceDate "2011.11.24"]
[SourceVersion "1"]
[SourceVersionDate "2011.11.24"]
[SourceQuality "1"]

1. Nf3 f5 2. c4 Nf6 3. Nc3 e6 4. Qc2 Bb4 5. a3 Bxc3 6. Qxc3 b6 7. e3 Bb7 8. Be2 0-0 9. d3 d6 10. b4 Nbd7 11. Bb2 Qe8 12. 0-0-0 a5 13. Rdg1 axb4 14. axb4 e5 15. Nd2 Ng4 16. Bxg4 fxg4 17. e4 Rxf2 18. h3 Qg6 19. Kb1 Nf6 20. Re1 Rxg2 21. hxg4 Qxg4 22. Bc1 Rf8 23. Rhf1 Rg3 24. c5 Ba6 25. b5 Bc8 26. cxb6 cxb6 27. Ba3 Bd7 28. Bxd6 Rc8 29. Qb2 Rxd3 30. Bb4 Qe6 31. Rc1 Ra8 32. Bc3 Bxb5 33. Rf2 Rh3 34. Rf3 Rxf3 35. Nxf3 Bd3+ 36. Rc2 Nxe4 37. Bxe5 Rc8 38. Ne1 Rc5 39. Nxd3 Rd5 40. Bd4 b5 41. Nf4 1-0

[Event "Santiago Endesa 07"]
[Site "Santiago de Chile"]
[Date "2010.06.14"]
[Round "4"]
[White "Ferreira Millavud, Marcelo"]
[Black "Pollio, Carlos Eduardo"]
[Result "1-0"]
[WhiteElo "1937"]
[BlackElo "1987"]
[PlyCount "76"]
[EventDate "2010.06.07"]
[EventType "tourn"]
[EventRounds "11"]
[EventCountry "CHI"]
[SourceTitle "EXT 2012"]
[Source "ChessBase"]
[SourceDate "2011.11.24"]
[SourceVersion "1"]
[SourceVersionDate "2011.11.24"]
[SourceQuality "1"]

1. e4 c5 2. Nf3 e6 3. d4 cxd4 4. Nxd4 a6 5. Nc3 Qc7 6. Bd3 b5 7. 0-0 Bb7 8. a3 Nc6 9. Be3 Nf6 10. Qe2 Ne5 11. h3 Bc5 12. Nb3 Bxe3 13. Qxe3 Rc8 14. f4 Nc4 15. Bxc4 bxc4 16. Nd2 d5 17. f5 Qc5 18. Qxc5 Rxc5 19. fxe6 fxe6 20. exd5 exd5 21. Rae1+ Kf7 22. Nf3 Rb8 23. Re5 Kg8 24. Nd4 Rcc8 25. Rg5 Rf8 26. Nf5 g6 27. b4 Rbd8 28. Nd4 Rde8 29. b5 Re3 30. bxa6 Bxa6 31. Nxd5 Nxd5 32. Rxf8+ Kxf8 33. Rxd5 Rxa3 34. Rc5 Ra4 35. Ne6+ Ke7 36. Nc7 Bb7 37. Nb5 Ba6 38. Nc3 Kd7 1-0

[Event "Santiago Endesa 04"]
[Site "Santiago de Chile"]
[Date "2010.05.03"]
[Round "1"]
[White "Tobosque Romero, Marco Antonio"]
[Black "Pollio, Carlos Eduardo"]
[Result "0-1"]
[WhiteElo "1675"]
[BlackElo "1987"]
[PlyCount "104"]
[EventDate "2010.05.03"]
[EventType "tourn"]
[EventRounds "11"]
[EventCountry "CHI"]
[SourceTitle "EXT 2012"]
[Source "ChessBase"]
[SourceDate "2011.11.24"]
[SourceVersion "1"]
[SourceVersionDate "2011.11.24"]
[SourceQuality "1"]

1. Nf3 c5 2. g3 d5 3. d4 cxd4 4. Nxd4 e5 5. Nb3 Be6 6. Bg2 Nc6 7. 0-0 Qd7 8. Be3 Rd8 9. Bc5 Be7 10. Nc3 Nf6 11. e4 d4 12. Ne2 Bxb3 13. Bxe7 Bxc2 14. Qxc2 Qxe7 15. Qd3 0-0 16. a3 a5 17. h3 Nd7 18. Qb5 Ndb8 19. Rfd1 Rd7 20. f4 f6 21. Nc1 f5 22. exf5 exf4 23. g4 Qe3+ 24. Kh1 f3 25. Bf1 Qf4 26. Nd3 Qg3 27. Qb3+ Kh8 28. Qc2 h5 29. Qh2 h4 30. Nf4 Ne5 31. Re1 Nbc6 32. Rac1 Kh7 33. Nh5 Qxh2+ 34. Kxh2 d3 35. Red1 Rd4 36. Rd2 Kh6 37. Rcd1 Rfd8 38. f6 gxf6 39. Nxf6 Kg5 40. Nh5 a4 41. Ng7 R4d6 42. Nf5 R6d7 43. Rc1 Na5 44. Re1 Nac4 45. Rdd1 Kf4 46. Rb1 d2 47. Red1 Ne3 48. Nxe3 Kxe3 49. Bb5 Rd4 50. b4 Nd3 51. Bxd3 Rxd3 52. Kg1 Rxa3 0-1

[Event "Santiago Endesa IM"]
[Site "Santiago de Chile"]
[Date "2010.??.??"]
[Round "4"]
[White "Cortes Moyano, Julio"]
[Black "Pollio, Carlos Eduardo"]
[Result "1-0"]
[WhiteElo "2217"]
[BlackElo "1997"]
[PlyCount "69"]
[EventDate "2010.11.02"]
[EventType "tourn"]
[EventRounds "9"]
[EventCountry "CHI"]
[SourceTitle "EXT 2012"]
[Source "ChessBase"]
[SourceDate "2011.11.24"]
[SourceVersion "1"]
[SourceVersionDate "2011.11.24"]
[SourceQuality "1"]

1. e4 c5 2. Nf3 e6 3. d4 cxd4 4. Nxd4 a6 5. c4 Qc7 6. Nc3 b6 7. Be3 Bb7 8. Rc1 Nc6 9. Be2 Nf6 10. f3 Nxd4 11. Bxd4 Bd6 12. g3 h5 13. Kd2 Be5 14. Ke3 Rd8 15. Na4 0-0 16. Bxb6 Qc6 17. b4 Ng4+ 18. Kd2 Nf2 19. Bxf2 Qd6+ 20. Ke3 Qb8 21. Bd3 d5 22. exd5 exd5 23. c5 Rfe8 24. Kd2 Bc6 25. Nb6 Re6 26. Re1 Rde8 27. Qb3 Bf4+ 28. gxf4 Qxf4+ 29. Kc2 Qxh2 30. Rf1 Re3 31. Nxd5 Rxd3 32. Qxd3 Bb5 33. Qd4 Re2+ 34. Kb3 Qg2 35. Nf6+ 1-0